000 00457nam a2200181Ia 4500
003 GCL
008 140319s9999 xx 000 0 ara d
040 _aGCL /
_cGCL
082 0 4 _a131.33
_bح ل
100 1 _aحلمى مراد
245 1 0 _aلماذا انت عصبى /
_cحلمى مراد
300 _a192 ص
490 _a
650 0 4 _aالاحلام
650 0 4 _aالمراهقة
650 0 4 _aالتكيف الاجتماعى
942 _2ddc
_cBK
999 _c46276
_d46276